बच्चों की थूकने, खाँसने, छींकने एवं हाथ धोने सम्बन्धी अचछे आदतें/ (Record no. 202702)

MARC details
000 -LEADER
fixed length control field 01030 a2200193 4500
005 - DATE AND TIME OF LATEST TRANSACTION
control field 20240802152115.0
010 ## - LCCN (DPL NO)
LC control number B-758961
020 ## - INTERNATIONAL STANDARD BOOK NUMBER
International Standard Book Number 9789381154526
Terms of availability 50.00
035 ## - SYSTEM CONTROL NUMBER
System control number B-758961
037 ## - SOURCE OF ACQUISITION
Source of stock number/acquisition उपहार
082 ## - DEWEY DECIMAL CLASSIFICATION NUMBER
Classification number 158.1
100 ## - MAIN ENTRY--PERSONAL NAME
Personal name श्रीवास्तव, सुरेन्द्र
245 ## - TITLE STATEMENT
Title बच्चों की थूकने, खाँसने, छींकने एवं हाथ धोने सम्बन्धी अचछे आदतें/
Statement of responsibility, etc सुरेन्द्र श्रीवास्तव
260 ## - PUBLICATION, DISTRIBUTION, ETC. (IMPRINT)
Place of publication, distribution, etc जयपुर
Name of publisher, distributor, etc बालाजी पब्लिकेशन्स
Date of publication, distribution, etc 2023
270 ## - ADDRESS
Address 45-G गोवर्धन कॉलोनी न्यू सांगानेर रोड सोडाला
City जयपुर
300 ## - PHYSICAL DESCRIPTION
Extent 24 पृष्ठ.;
Dimensions 21cm. (साजिल्द)
942 ## - ADDED ENTRY ELEMENTS (KOHA)
Institution code [OBSOLETE] dpl
Item type Children Books
Source of classification or shelving scheme Dewey Decimal Classification
Classification part 158.1
Call number suffix श्रीवास्त
Holdings
Withdrawn status Lost status Not for loan Collection code Home library Current library Date acquired Source of acquisition Cost, normal purchase price Full call number Barcode Cost, replacement price Koha item type Public note
      Non-fiction Sarojini Nagar Sarojini Nagar 06/05/2024 उपहार /29.4.24 50.00 158.1 श्रीवास्त B-758961 50.00 Children Books उपहार

© Delhi Public Library
Hit Counter
free hit counter